|
|
|
|
| LEADER |
00000cam a2200000 a 4500 |
| 001 |
vtls008338376 |
| 003 |
SK-MaSNL |
| 005 |
20260301053955.0 |
| 008 |
251001s1963 xo b frnf 000 0 slo |
| 015 |
|
|
|a SNBA1963/08-01628
|
| 020 |
|
|
|q (viazané)
|
| 035 |
|
|
|a SK01SNK19630030593
|
| 035 |
|
|
|a urn:nbn:sk:snk-am3irr1
|
| 035 |
|
|
|a 56B37F0A-F4B2-472A-A6FE-FC88C3A773D3
|
| 035 |
|
|
|a urn:nbn:sk:snk-am00ffcy
|
| 035 |
|
|
|a SKM000033056
|
| 040 |
|
|
|a SNK
|b slo
|c SNK
|e AACR2
|
| 041 |
0 |
|
|a slo
|
| 044 |
|
|
|a xo
|c SK
|
| 080 |
|
|
|a 93/94
|2 2011
|
| 080 |
|
|
|a (072)
|2 2011
|
| 080 |
|
|
|a 37.091.3
|2 2011
|
| 100 |
1 |
|
|a Stojka, Ondrej,
|d 1916-2000
|4 aut
|9 110540
|
| 245 |
1 |
0 |
|a Metodika vyučovania dejepisu
|c Ondrej Stojka
|
| 250 |
|
|
|a Druhé vydanie
|
| 260 |
|
|
|a Bratislava
|b Slovenské pedagogické nakladateľstvo
|c 1963
|e Trnava
|f Polygrafické závody
|
| 300 |
|
|
|a 211 strán
|b mapy
|c 21 cm
|
| 366 |
|
|
|e 2100 kusov
|
| 504 |
|
|
|a Bibliografia na strane 209-210
|
| 650 |
0 |
7 |
|a dejepis
|2 SNKPH
|9 4288
|
| 650 |
0 |
7 |
|a vyučovacie metódy
|2 SNKPH
|9 1521
|
| 655 |
|
7 |
|a metodické príručky
|2 SNKPH
|9 70250
|
| 852 |
|
|
|a Slovenská národná knižnica
|
| 958 |
|
|
|a EUIPO
|
| 958 |
|
|
|a TL
|
| 958 |
|
|
|a NB
|
| 958 |
|
|
|a RK
|
| 958 |
|
|
|a UO
|
| 958 |
|
|
|a OND
|
| 999 |
|
|
|c 609751
|d 611681
|
| 952 |
|
|
|t P60, <04>, [BOOK], {604}
|a SNK
|b SNK
|y VYP
|7 0
|p 17A0206833
|o snkSC 17866 D1
|0 0
|1 0
|4 0
|d 1999-08-13
|l 0
|r 2005-01-02 00:00:00
|w 2026-02-23
|
| 952 |
|
|
|t P60, <03>, [BOOK], {603}
|a SNK
|b SNK
|y PREZ
|7 0
|p 17A0223689
|o snkSC 17866
|i snkKSP 3198/63
|0 0
|1 0
|4 0
|d 2000-01-13
|f 1
|l 0
|r 2025-07-25 00:00:00
|w 2026-02-23
|